书目信息 |
| 题名: |
迈向21世纪的行动纲领
|
|
| 作者: | 袁木 编著 | |
| 分册: | ||
| 出版信息: | 北京 新华出版社 1992.10 |
|
| 页数: | 260页 | |
| 开本: | 19cm | |
| 丛书名: | ||
| 单 册: | ||
| 中图分类: | D229 | |
| 科图分类: | 33.12425 | |
| 主题词: | 中共十四大(1992)--文件--学习参考资料 | |
| 电子资源: | ||
| ISBN: | 7-5011-1802-7 | |
| 000 | 00749nam0 2200229 45 | |
| 001 | 0193006826 | |
| 005 | 20070719175121.67 | |
| 010 | @a7-5011-1802-7@dCNY4.90 | |
| 100 | @a19930201d1992 em y0chiy0121 ea | |
| 101 | 0 | @achi |
| 102 | @aCN@b110000 | |
| 105 | @ay z 000yy | |
| 200 | 10 | @a迈向21世纪的行动纲领@AMAI XIANG 21 SHI JI DE XING DONG GANG LING@e学习党的十四大报告@EXUE XI DANG DE SHI SI DA BAO GAO@f袁 木等编著@FYUAN MU DENG BIAN ZHU |
| 210 | @a北京@c新华出版社@d1992.10 | |
| 215 | @a260页@d19cm | |
| 540 | 1 | @a十四大 报告@ASHI SI DA BAO GAO |
| 606 | @a中共十四大(1992)@x文件@x学习参考资料 | |
| 690 | @aD229@v三版 | |
| 692 | @a33.12425 | |
| 701 | 0 | @a袁木@AYUAN MU@4编著 |
| 801 | 0 | @aCN@bTSSF@c20070719 |
| 905 | @a10447@dD229@e142 | |
| 迈向21世纪的行动纲领:学习党的十四大报告/袁 木等编著.-北京:新华出版社,1992.10 |
| 260页;19cm |
| ISBN 7-5011-1802-7:CNY4.90 |
| ● |
| 相关链接 |
|
|
|
|
正题名:迈向21世纪的行动纲领
索取号:D229/142
 
预约/预借
| 序号 | 登录号 | 条形码 | 馆藏地/架位号 | 状态 | 备注 |
| 1 | 0765620 | 207656204 | 密集书库/ [索取号:D229/142] | 在馆 | |
| 2 | 0766103 | 207661038 | 第一样本阅览室/ [索取号:D229/142] | 在馆 | |
| 3 | 0767790 | 207677904 | 密集书库/ [索取号:D229/142] | 在馆 | |
| 4 | 0769451 | 207694510 | 密集书库/ [索取号:D229/142] | 在馆 |